COGNITIVE PSYCHOLOGY AN OVERVIEW FOR COG (Record no. 26567)

MARC details
000 -LEADER
fixed length control field 00343nam a2200133Ia 4500
008 - FIXED-LENGTH DATA ELEMENTS--GENERAL INFORMATION
fixed length control field 240624s9999 xx 000 0 und d
041 ## - LANGUAGE CODE
Language code of text/sound track or separate title eng
082 ## - DEWEY DECIMAL CLASSIFICATION NUMBER
Classification number 153 BAR
100 ## - MAIN ENTRY--PERSONAL NAME
Personal name BARSALOU LAWRENCE W
245 ## - TITLE STATEMENT
Title COGNITIVE PSYCHOLOGY AN OVERVIEW FOR COG
260 ## - PUBLICATION, DISTRIBUTION, ETC.
Date of publication, distribution, etc. 1992
Place of publication, distribution, etc. New York
Name of publisher, distributor, etc. Psychology Press
300 ## - PHYSICAL DESCRIPTION
Extent 424 : p.
365 ## - TRADE PRICE
Currency code GBP
Price amount 30
Holdings
Withdrawn status Lost status Damaged status Not for loan Home library Current library Shelving location Date acquired Source of acquisition Cost, normal purchase price Full call number Barcode Date last seen Copy number Price effective from Koha item type
        IMTN IMTN Rack 2-B 12/23/2015 MB 49.99 153 BAR 26567 06/24/2024 106.5 06/24/2024 Books
Designed & Maintained by: LRC IMT Nagpur Contact: lrc@imtnag.ac.in© 2024. All Rights Reserved.